LEADER 01249cam0-22003731i-450- 001 990006626960403321 005 20110518141653.0 035 $a000662696 035 $aFED01000662696 035 $a(Aleph)000662696FED01 035 $a000662696 100 $a20010426d1981----km-y0itay50------ba 101 0 $aita 102 $aIT 105 $ay-------001yy 200 1 $aCarte de' Regni di Napoli e di Sicilia, loro provincie ed Isole adiacenti$fAntonio e Luigi Bolifoni 210 $aReggio Calabria$cCasa del Libro$d1981 215 $a[6] p.$c[19] c. di tav. ripieg. : ill.$d27 cm 225 1 $a<>Bibliofilo$v3 300 $aRipr. fasc. dell'ed. : Napoli, Stamperie di F. Ricciardo, 1734 610 0 $aCartografia$aRegno di Napoli.1266-1815$aSec. 17.-18. 676 $a912.457$v20$zita 700 1$aBulifon,$bAntonio$f<1649-1707>$037273 701 1$aBolifoni,$bLuigi$035799 801 0$aIT$bUNINA$gRICA$2UNIMARC 901 $aBK 912 $a990006626960403321 952 $aXI A 1205$b24755$fFSPBC 952 $aRARI B 115$b381$fFARBC 952 $aRARI B 112$b84$fFARBC 959 $aFSPBC 959 $aFARBC 996 $aCarte de' Regni di Napoli e di Sicilia, loro provincie ed Isole adiacenti$9614023 997 $aUNINA LEADER 00987nam0-2200337---450- 001 990009096030403321 005 20160421101133.0 010 $a978-88-7758-824-1 035 $a000909603 035 $aFED01000909603 035 $a(Aleph)000909603FED01 035 $a000909603 100 $a20090929d2009----km-y0itay50------ba 101 0 $aita 102 $aIT 105 $aa---a---001yy 200 1 $aManuale di bioarchitettura$ebioedilizia e fonti alternative di energia rinnovabile$fStefano Bruno 210 $aPalermo$cDario Flaccovio editore$d2009 215 $aXI, 478 p.$cill.$d24 cm 610 0 $aProgettazione architettonica e ambiente 676 $a720.47 700 1$aBruno,$bStefano$024881 801 0$aIT$bUNINA$gRICA$2UNIMARC 901 $aBK 912 $a990009096030403321 952 $a13 D 44 39$b16392$fFINBC 952 $aARCH B 2811$b84/2016$fFARBC 959 $aFINBC 959 $aFARBC 996 $aManuale di bioarchitettura$9260056 997 $aUNINA